Philosophy as a Cross-cultural Mental Exercise

Titel: Philosophy as a Cross-cultural Mental Exercise
Verfasser:
In: East central Europe, Band 26, Heft 2 (1999), Seite 139-145
alle Artikel anzeigen
Veröffentlicht: 1999
Format: Aufsatz
Sprache: Englisch
Kein Bild verfügbar
X
alg: 39504274
001A    $01999:12-11-16 
001B    $01999:04-08-21 $t21:02:57.000 
001C    $06050:19-11-16 $t08:42:07.000 
001D    $01999:12-11-16 
001U    $0utf8 
001X    $00 
002@    $0Aox 
003@    $0395042747 
007A    $0395042747 $aHEB 
007T    $0Herd35343 
010@    $aeng 
011@    $a1999 
021A    $aPhilosophy as a Cross-cultural Mental Exercise 
028A    $aSzilágyi $dMihály 
031A    $d26 $e2 $h139-145 $j1999 
039B    $aIn $8--Abvc--. East central Europe. - Leiden : Brill, 1974-. - ISSN 0094-3037 $x199900000260002861 $9047226099 
039T    $8--Aax--Afloroaei, Stefan. Cum este posibila filosofia în estul Europei. - Iasi : Polirom, 1997. - 287 S.. - ISBN 973-683-029-2 $9395337046 
045F    $a900.9437 $eDDC23BSB 
045F/01 $a900 
045F/03 $g437 
045T    $a7,41 

lok: 39504274 78

exp: 39504274 78 1 #EPN
201B/01 $018-11-16 $t13:34:15.000 
201U/01 $0utf8 
203@/01 $0791341356 
208@/01 $a12-11-16 $be 
209A/01 $a/ $f000 $x00 
220C/01 $aTitelaufnehmer: cs 
244Z/01 $2Trx $#Kesk- ja Ida- Euroopa kontseptsioonid $#Vidurio Europos koncepcijos $#East-Central Europe $#Keletközépeurópa-eszmék $#Europa Środkowo-Wschodnia koncepcje $#Európa stredovýchodná koncepcie $#Evropa střední, východní část koncepce $#Mitteleuropa $#Osteuropakonzeptionen $#Europa Środkowa koncepcje $#Stredná Európa koncepcie $#Střední Europa koncepce $8--Trx--Ostmitteleuropakonzeptionen $x01 $9391364286 
244Z/01 $2Trx $#arvustused $#recenzijos $#Reviews $#recenziók $#recenzje $#recenzie $#recenze $8--Trx--Rezensionen $x02 $9391357441 
247C/01 $82080>Marburg/Lahn, Herder-Institut, Forschungsbibliothek, Bibliographieportal $9336309341
LEADER 00000caa a22000002c 4500
001 395042747
003 DE-603
005 20210804210257.0
007 tu
008 161112s1999 xx |||| | u00||u|eng c
035 |a (DE-599)HEB395042747 
040 |a DE-603  |b ger  |c DE-603  |d DE-603 
041 |a eng 
082 0 4 |8 1\u  |a 900.9437  |q DE-101  |2 23/BSB 
084 |a 7,41  |2 ssgn 
085 |8 1\u  |b 900 
085 |8 1\u  |z 2  |s 437 
100 1 |a Szilágyi, Mihály 
245 0 0 |a Philosophy as a Cross-cultural Mental Exercise 
264 0 |c 1999 
773 0 8 |i In  |t East central Europe  |d Leiden : Brill, 1974-  |h 24 cm  |x 0094-3037  |g Band 26, Heft 2 (1999), Seite 139-145  |w (DE-603)047226099  |w (DE-600)190826-1 
787 0 8 |i Rezension von  |a Afloroaei, Stefan  |t Cum este posibila filosofia în estul Europei  |d Iasi : Polirom, 1997  |h 287 S.  |z 9736830292  |w (DE-603)395337046 
924 0 |9 2080  |a (DE-603)791341356  |b DE-2080  |c HES  |d d  |g /